Основы практической работы в системе автоматизации проектирования CATIA(CAD_CATIA): электронный курс
| Corporate Author: | |
|---|---|
| Other Authors: | , , , |
| Summary: | Загл. с экрана. Введение в технологии двухмерного черчения и трёхмерного моделирования (CAD), автоматизации инженерных расчётов и анализа конструкции (CAE), подготовки автоматизированного производства (CAM), быстрого прототипирования (Rapid Prototyping) и традиционного моделирования. Обзор рынка CAD/CAM/CAE-систем, современного оборудования и технологий для проведения комплекса работ по разработке нового изделия. Технологии и программное обеспечение Dassault Systemes. Освоение базовых возможностей системы CATIA. Введение в трехмерное параметрическое твердотельное моделирование деталей и узлов инструментами CATIA. Получение конструкторской документации (спецификация, чертеж). Визуализация моделей деталей и сборок в CATIA. Курс опирается на основы знаний в области компьютерной 2D- и 3D-графики, инженерной графики, САПР Доступ по логину и паролю, выданному преподавателем |
| Language: | Russian |
| Published: |
Томск, TPU Moodle, 2012
|
| Subjects: | |
| Online Access: | http://mdl.lcg.tpu.ru:82/course/info.php?id=7 |
| Format: | Electronic Book |
| KOHA link: | https://koha.lib.tpu.ru/cgi-bin/koha/opac-detail.pl?biblionumber=230428 |
MARC
| LEADER | 00000nlm0a2200000 4500 | ||
|---|---|---|---|
| 001 | 230428 | ||
| 005 | 20240220095049.0 | ||
| 035 | |a (RuTPU)RU\TPU\book\251275 | ||
| 035 | |a RU\TPU\book\251272 | ||
| 090 | |a 230428 | ||
| 100 | |a 20130122a2012 m y0rusy50 ca | ||
| 101 | 0 | |a rus | |
| 102 | |a RU | ||
| 105 | |a a j 000zy | ||
| 135 | |a jrcn ---uucaa | ||
| 181 | 0 | |a i | |
| 182 | 0 | |a b | |
| 200 | 1 | |a Основы практической работы в системе автоматизации проектирования CATIA(CAD_CATIA) |e электронный курс |f С. А. Горисев [и др.] |g Национальный исследовательский Томский политехнический университет (ТПУ) | |
| 203 | |a Текст |c электронный | ||
| 210 | |a Томск |c TPU Moodle |d 2012 | ||
| 300 | |a Загл. с экрана. | ||
| 330 | |a Введение в технологии двухмерного черчения и трёхмерного моделирования (CAD), автоматизации инженерных расчётов и анализа конструкции (CAE), подготовки автоматизированного производства (CAM), быстрого прототипирования (Rapid Prototyping) и традиционного моделирования. Обзор рынка CAD/CAM/CAE-систем, современного оборудования и технологий для проведения комплекса работ по разработке нового изделия. Технологии и программное обеспечение Dassault Systemes. Освоение базовых возможностей системы CATIA. Введение в трехмерное параметрическое твердотельное моделирование деталей и узлов инструментами CATIA. Получение конструкторской документации (спецификация, чертеж). Визуализация моделей деталей и сборок в CATIA. Курс опирается на основы знаний в области компьютерной 2D- и 3D-графики, инженерной графики, САПР | ||
| 333 | |a Доступ по логину и паролю, выданному преподавателем | ||
| 606 | 1 | |a Компьютерное моделирование |2 stltpush |3 (RuTPU)RU\TPU\subj\69831 |9 84520 | |
| 610 | 1 | |a электронный ресурс | |
| 610 | 1 | |a труды учёных ТПУ | |
| 610 | 1 | |a электронное обучение | |
| 610 | 1 | |a Computer Aided Design | |
| 610 | 1 | |a engineering | |
| 610 | 1 | |a CAD/CAM | |
| 610 | 1 | |a Rapid Prototyping | |
| 610 | 1 | |a industrial design | |
| 610 | 1 | |a product design | |
| 610 | 1 | |a 3D | |
| 610 | 1 | |a 2D | |
| 610 | 1 | |a solid modeling | |
| 610 | 1 | |a CATIA | |
| 610 | 1 | |a CALA | |
| 610 | 1 | |a PLM-системы | |
| 610 | 1 | |a САПР | |
| 610 | 1 | |a двухмерное моделирование | |
| 610 | 1 | |a учебные пособия | |
| 675 | |a 004.921(075.8) |v 4 | ||
| 701 | 1 | |a Горисев |b С. А. |c специалист в области информатики и вычислительной техники |c доцент Томского политехнического университа, кандидат технических наук |f 1956- |g Сергей Алексеевич |3 (RuTPU)RU\TPU\pers\25777 |9 11668 | |
| 701 | 1 | |a Котов |b С. О. |c российский учёный в области инженерной педагогики |c старший преподаватель Томского политехнического университета |f 1961- |g Сергей Олегович |3 (RuTPU)RU\TPU\pers\26868 |9 12486 | |
| 701 | 1 | |a Костин |b Е. В. |c программист лаборатории технологий, систем и инструментов для автоматизированного инжиниринга и промышленного дизайна |g Евгений Викторович |3 (RuTPU)RU\TPU\pers\30317 | |
| 701 | 1 | |a Жилкин |b П. Н. |c специалист в области портальных технологий |c программист Томского политехнического университета |g Павел Николаевич |3 (RuTPU)RU\TPU\pers\26879 | |
| 712 | 0 | 2 | |a Национальный исследовательский Томский политехнический университет (ТПУ) |c (2009- ) |3 (RuTPU)RU\TPU\col\15902 |
| 801 | 2 | |a RU |b 63413507 |c 20200603 |g RCR | |
| 856 | 4 | |u http://mdl.lcg.tpu.ru:82/course/info.php?id=7 | |
| 942 | |c CF | ||